Perioperatív folyadék-, és vérpótlás

Elmentve itt :
Bibliográfiai részletek
Szerző: Molnár Zsolt
Dokumentumtípus: Prezentáció
Megjelent: 2012
Tárgyszavak:
Online Access:http://eta.bibl.u-szeged.hu/2432
LEADER 00634nnm a2200193 i 4500
001 eta2432
005 20200103131558.0
008 200103s2012 hu o 0|| hun d
040 |a SZTE Elektronikus Tananyag Archívum  |b hun 
041 |a hun 
100 1 |a Molnár Zsolt 
245 1 0 |a Perioperatív folyadék-, és vérpótlás  |h [elektronikus dokumentum] /  |c  Molnár Zsolt 
260 |c 2012 
300 |a 67 
516 |a Presentation 
650 4 |a Orvos- és egészségtudomány 
650 4 |a Klinikai orvostan 
650 4 |a Általános- és belgyógyászat 
856 4 0 |u https://eta.bibl.u-szeged.hu/2432/1/MZs_Folyadek_ver.pdf  |z Dokumentum-elérés